Catálogo
 En Linea

Columbus; or the discovery of america, as related by a father to his children. (Registro nro. 33196)

Detalles MARC
000 -CABECERA
campo de control de longitud fija 00288nam a2200097 a 4500
005 - FECHA Y HORA DE LA ÚLTIMA TRANSACCIÓN
campo de control 20200930070445.0
008 - DATOS DE LONGITUD FIJA--INFORMACIÓN GENERAL
campo de control de longitud fija 110906s1811 000 spa d
040 ## - FUENTE DE LA CATALOGACIÓN
Centro catalogador/agencia de origen DO-SdBNP
245 #0 - MENCIÓN DE TÍTULO
Título Columbus; or the discovery of america, as related by a father to his children.
260 ## - PUBLICACIÓN, DISTRIBUCIÓN, ETC.
Lugar de publicación, distribución, etc. London,
Fecha de publicación, distribución, etc. 1811.

No hay ítems disponibles.

Con tecnología Koha